000 00303nam a22001217a 4500
020 _a0-07-050616-7
082 _a621.4021 POT'T
100 _aPOTTER, M. C
_967787
245 _aTHEORY AND PROBLEMS OF ENGINEERING THERMODYNAMICS
260 _aNEWYORK
_bMCGRAW HILL
_c1993
300 _a355P
942 _cBK
999 _c575496
_d575496